书目信息 |
| 题名: |
人民的喉舌
|
|
| 作者: | 邹韬奋 著 ;复旦大学新闻系 编 | |
| 分册: | ||
| 出版信息: | 福州 福建人民出版社 1980 |
|
| 页数: | 256页 | |
| 开本: | 21cm | |
| 丛书名: | ||
| 单 册: | ||
| 中图分类: | G219.29 | |
| 科图分类: | ||
| 主题词: | 报刊--评论--中国--史料 | |
| 电子资源: | ||
| ISBN: | ||
| 000 | 00745nam0 2200253 45 | |
| 001 | 0180002439 | |
| 005 | 20060818165457.57 | |
| 010 | @dCNY1.02 | |
| 091 | @aCN@b10173.176 | |
| 100 | @a19950626d1980 em y0chiy0121 ea | |
| 101 | 0 | @achi |
| 102 | @aCN@b350000 | |
| 105 | @ac z 000yy | |
| 200 | 10 | @a人民的喉舌@Aren min de hou she@e韬奋论报刊@f邹韬奋,复旦大学新闻系著 |
| 210 | @a福州@c福建人民出版社@d1980 | |
| 215 | @a256页@c照片@d21cm | |
| 517 | 1 | @a韬奋论报刊@Atao fen lun bao kan |
| 606 | @a报刊@x评论@y中国@x史料 | |
| 690 | @aG219.29@v3 | |
| 701 | 0 | @a邹韬奋@Azou tao fen@4著 |
| 711 | 02 | @a复旦大学新闻系@Afu dan da xue xin wen xi@4编 |
| 801 | 0 | @aCN@bTSSF@c20060818 |
| 801 | 2 | @aCN@bNLC@c20060802 |
| 905 | @a10447@dG219.29@e173 | |
| 人民的喉舌:韬奋论报刊/邹韬奋,复旦大学新闻系著.-福州:福建人民出版社,1980 |
| 256页:照片;21cm |
| ISBN :CNY1.02 |
| ● |
| 相关链接 |
|
|
|
|
正题名:人民的喉舌
索取号:G219.29/173
 
预约/预借
| 序号 | 登录号 | 条形码 | 馆藏地/架位号 | 状态 | 备注 |
| 1 | 0441997 | 204419977 | 密集书库/ [索取号:G219.29/173] | 在馆 | |
| 2 | 0441998 | 204419986 | 密集书库/ [索取号:G219.29/173] | 在馆 | |
| 3 | 0442005 | 204420055 | 密集书库/ [索取号:G219.29/173] | 在馆 | |
| 4 | 0469258 | 204692582 | 密集书库/ [索取号:G219.29/173] | 在馆 |